Attori siciliani o no - Statistics

Statistiche generali
  • Questo quiz è stato fatto 83 volte
  • Il punteggio medio è 4 su 13
Answers on the Grid
Answers color-coded by a green-red scale on the quiz's grid according to % correct below.
Alessio Vassallo
Michele Riondino
Luca Zingaretti
Claudio Gioè
Ester Pantano
Giuseppe De Domenico
Cesare Bocci
Donatella Finocchiaro
Maria Grazia Cucinotta
Valentina Lodovini
Valentino Picone
Salvatore Ficarra
Cristiano Caccamo
Francesca Chillemi
David Coco
Luigi Lo Cascio
Giusy Buscemi
Miriam Leone
Vittoria Belvedere
Serena Iansiti
 
Statistiche sulle risposte
Risposta % Corretto
Salvatore Ficarra
72%
Valentino Picone
70%
Claudio Gioè
45%
Miriam Leone
45%
Giusy Buscemi
40%
Maria Grazia Cucinotta
36%
Francesca Chillemi
34%
Luigi Lo Cascio
28%
Alessio Vassallo
19%
Donatella Finocchiaro
17%
Ester Pantano
13%
David Coco
9%
Giuseppe De Domenico
9%
Nessun quiz corrispondente trovato
Distribuzione punteggi
Percentuale di utenti per punteggio
Percentile per numero di risposta
I tuoi punteggi nel tempo
Non hai fatto questo quiz